All Israeli Premier League Players Ever - Statistics

General Stats
  • This quiz has been taken 22 times
  • The average score is 6 of 17
Answer Stats
Position Clubs Years Player % Correct
MID West Ham. Liverpool, Chelsea, Arsenal 2005-13 Yossi Benayoun
100%
MID/ATT Fulham, Spurs 2022-24 Manor Solomon
79%
DEF Bolton, Chelsea, Man City, Sunderland, Portsmouth, West Ham, QPR 2004-11, 2012-13 Tal Ben Haim
68%
MID Southampton, West Ham, Man City, Portsmouth 1996-99, 2002-05 Eyal Berkovic
53%
MID Brighton 2017-19 Beram Kayal
42%
ATT Liverpoool, Spurs 1992-97 Ronny Rosenthal
42%
MID Bolton 2007-11 Tamir Cohen
37%
ATT Brighton 2017-18 Tomer Hemed
37%
ATT Chelsea 2006-07 Ben Sahar
32%
MID Everton, Bolton 2000-02, 2006-07 Idan Tal
21%
DEF Blackpool 2010-11 Dekel Keinan
16%
ATT Swansea 2012-13 Itay Schechter
16%
MID Wimbledon 1999-2000 Walid Badir
16%
MID Derby 1999-2000 Avi Nimni
11%
MID Crystal Palace 1997-98 Itzik Zohar
11%
ATT West Ham 2005-06 Yaniv Katan
11%
DEF Aston Villa 1999-2000 Najwan Ghrayib
5%
No matching quizzes found
Score Distribution
Percent of People with Each Score
Percentile by Number Answered
Your Score History
You have not taken this quiz